Incidencia de las Títulos Supletorios en la legalización de bienes inmuebles, en la circunscripción de Nueva Concepción departamento de Chalatenango, durante el año 2002 a Junio de 2003. (Registro nro. 10565)

Detalles MARC
000 -LEADER
fixed length control field 00661nam a2200169Ia 4500
005 - FECHA Y HORA DE LA ÚLTIMA TRANSACCIÓN
control field 20240207152641.0
008 - FIXED-LENGTH DATA ELEMENTS--GENERAL INFORMATION
fixed length control field 240206s9999 xx 000 0 und d
040 ## - CATALOGING SOURCE
Original cataloging agency UPAN
Transcribing agency Biblioteca San Vicente
Description conventions RCAA2
041 ## - LANGUAGE CODE
Language code of text/sound track or separate title spa
082 ## - DEWEY DECIMAL CLASSIFICATION NUMBER
Classification number 346.043
Item number Men
año de publicación 2003
100 ## - MAIN ENTRY--PERSONAL NAME
Personal name Méndez Núñez, Mario
Relator code aut.
245 #0 - TITLE STATEMENT
Title Incidencia de las Títulos Supletorios en la legalización de bienes inmuebles, en la circunscripción de Nueva Concepción departamento de Chalatenango, durante el año 2002 a Junio de 2003.
260 ## - PUBLICATION, DISTRIBUTION, ETC. (IMPRINT)
Place of publication, distribution, etc Ahuachapán:
Name of publisher, distributor, etc Universidad Panamericana,
Date of publication, distribution, etc 2003
300 ## - PHYSICAL DESCRIPTION
Extent 147 p.;
Dimensions 28 cm.
650 ## - SUBJECT ADDED ENTRY--TOPICAL TERM
Source of heading or term LEMB
Topical term or geographic name as entry element Títulos supletorios
942 ## - ADDED ENTRY ELEMENTS (KOHA)
Koha item type Libros
Source of classification or shelving scheme Dewey Decimal Classification
Existencias
Withdrawn status Lost status Source of classification or shelving scheme Damaged status Not for loan Collection code Home library Current library Date acquired Total Checkouts Full call number Barcode Date last seen Copy number Price effective from Koha item type
    Dewey Decimal Classification     Tesario Biblioteca UPAN San Vicente Biblioteca UPAN San Vicente 06/02/2024   346.043 Men 12100182 06/02/2024 01 06/02/2024 Trabajos de Grado